Extração do óleo essencial de menta (Mentha arvensis L.) por destilação por arraste a vapor e extração com etanol (Registro n. 298627)
[ somente texto ]
| 000 -LÍDER | |
|---|---|
| fixed length control field | 04580nab a2200289 i 4500 |
| 003 - CÓDIGO MARC DA AGÊNCIA CATALOGADORA | |
| Campo de controle | BR-BrBNA |
| 005 - DATA E HORA DA ÚLTIMA ATUALIZAÇÃO | |
| Campo de controle | 20240229080640.0 |
| 008 - CAMPO DE TAMANHO FIXO | |
| fixed length control field | 240229b2006 bl.qr|p|oa||| 00| 0 por | |
| 040 ## - FONTE DA CATALOGAÇÃO | |
| Agência catalogadora | BR-BrBNA |
| Idioma da catalogação | por |
| 072 ## - CATEGORIA AGRIS | |
| Código AGRIS | Q02 |
| Código do objeto | 2290 |
| 100 ## - ENTRADA PRINCIPAL - NOME PESSOAL | |
| Nome pessoal | Watanabe, C.H. |
| 100 ## - ENTRADA PRINCIPAL - NOME PESSOAL | |
| Nome pessoal | Nosse, T.M. |
| 100 ## - ENTRADA PRINCIPAL - NOME PESSOAL | |
| Nome pessoal | Garcia, C.A. |
| 100 ## - ENTRADA PRINCIPAL - NOME PESSOAL | |
| Nome pessoal | Pinheiro Povh, N. |
| 245 ## - TÍTULO PRINCIPAL | |
| Título principal | Extração do óleo essencial de menta (Mentha arvensis L.) por destilação por arraste a vapor e extração com etanol |
| 500 ## - NOTA GERAL | |
| Nota geral | Publicação on-line; 14 ref.; 4 tables; 9 illus.; Summaries (En, Pt) |
| 942 ## - ADDED ENTRY ELEMENTS (KOHA) | |
| Koha item type | |
| 520 ## - NOTA DE RESUMO | |
| Nota de conteúdo | <br/>RESUMO: <br/><br/>A Mentha arvensis (L.) var. piperascens, pertencente à família Labiatae, produz um óleo essencial,<br/>rico em mentol, cujas aplicações nas indústrias farmacêuticas, de higiene e do tabaco lhe conferem uma<br/>importância econômica muito grande. O Estado do Paraná que já teve destaque no cenário nacional, no<br/>período de 1940 a 1960, com 95% da produção brasileira, tenta novamente retomar a cultura de menta, na<br/>região de Cascavel, por meio da Associação dos Plantadores de Menta. O objetivo deste trabalho foi<br/>identificar as melhores condições visando ao rendimento maior em óleo essencial e uma porcentagem<br/>também maior do componente principal - mentol. No processo de destilação por arraste a vapor, <br/>utilizouse a pressão de 101,3 Pa na autoclave, uma vazão de condensado em torno de 60 ml_/min e um tempo de<br/>extração de 60 minutos, condições determinadas em outros trabalhos, sendo analisada somente a<br/>influência da perda de umidade do material sobre o rendimento. A porcentagem de mentol contida no óleo<br/>essencial e obtida pelo processo de destilação por arraste a vapor foi menor (= 58%) do que a obtida no<br/>processo de extração com etanol (= 75%). O rendimento em óleo essencial no processo de destilação por<br/>arraste a vapor foi em torno de 0,5%, para uma razão entre a altura do extrator e a altura da carga de<br/>aproximadamente 1/1 e cerca de 0,8% para uma razão de 2/1. Já no processo de extração com etanol o<br/>rendimento foi de 3,9%, em 6 horas de extração a uma temperatura de 60 °C e partículas de 0,351 a 0,175 mm.<br/><br/>Palavras-chave: Mentha arvensis (L.) var. piperascens, destilação por arraste a vapor, extração com etanol |
| 520 ## - NOTA DE RESUMO | |
| Nota de conteúdo | <br/>ABSTRACT: <br/><br/>Extraction of the essential oil from menthol mint (Mentha arvensis) by steam distillation<br/>and ethanol extraction. The essential oil of menthol mint (Mentha arvensis (L.) var. piperascens), from the<br/>Labiatae family was extracted by steam distillation and ethanol extrated. Menthol crystals isolated by<br/>cooling and centrifuging of the essential oil are extensively used in flavor, fragrance, and pharmaceutical<br/>industries. Menthol mint (referred as Japanese mint) was introduced in Brazil in the state of Paraná back in<br/>1940 - 1960. It now accounts for 95% of the total Brazilian mint oil production. Nowadays, the state of<br/>Paraná is trying to regain the menthol mint crops, with the help from the Association of Menthol Mint<br/>Farmers. The price of the menthol mint oil produced by the farmers from that region varies according to the<br/>quality that is determined based on the menthol content. Considerably large variation has been observed<br/>in the quality of oil extracted from the same cultivars of menthol mint extracted by distinct processes. The<br/>aim of the present work was to identify the best processing conditions to maximize the yields of essential<br/>menthol oil and crystallized menthol contents of the essential oil, as well as their limonene, menthone,<br/>isomenthone, menthyl acetate contents in the extracts. The best yield of essential oil for the steam distillation<br/>process was of 0.8 (wt %), and the highest percentage of menthol was 58% (average). On the other hand,<br/>ethanol extraction, the best yield of essential oil (3.9 wt %) was obtained when using 0.351 a 0.175 mm<br/>particles at 60°C and 6 h extraction, and the highest percentage of menthol was 75% (average).<br/><br/>Key words: Mentha arvensis, steam distillation, ethanol extraction |
| 650 ## - ASSUNTO - THESAGRO | |
| Cabeçalho tópico ou nome geográfico | MENTHA ARVENSIS |
| 650 ## - ASSUNTO - THESAGRO | |
| Cabeçalho tópico ou nome geográfico | DESTILAÇÃO |
| 650 ## - ASSUNTO - THESAGRO | |
| Cabeçalho tópico ou nome geográfico | EXTRAÇÃO |
| 650 ## - ASSUNTO - THESAGRO | |
| Cabeçalho tópico ou nome geográfico | ÓLEO ESSENCIAL |
| 773 0# - ENTRADA ANALÍTICA | |
| Host Biblionumber | 3543 |
| Registro do item | 313785 |
| Imprenta | Botucatu-SP Instituto de Biociências - Departamento de Química e Bioquímica 1998 |
| Outro identificador | 2024-0053 |
| Título | Revista Brasileira de Plantas Medicinais (Brazil) |
| ISSN | 1516-0572 |
| Colação | v. 8(4) p. 76-86; (2006) |
| Número de controle de registro | BR2024000080 |
| 856 ## - ACESSO E ENDEREÇO ELETRÔNICO | |
| Identificador uniforme de recurso - URI | http://www.sbpmed.org.br/admin/files/papers/file_7WBHeXuBJ5f0.pdf |
Nenhum exemplar disponível.

BINAGRI